Gestión ambiental y planificación del desarrollo / Alfonso Avellaneda Cusaria (Registro nro. 5823)

Detalles MARC
000 -LEADER
fixed length control field 00579nam a22002051a 4500
001 - CONTROL NUMBER
control field 5823
003 - CONTROL NUMBER IDENTIFIER
control field OSt
005 - DATE AND TIME OF LATEST TRANSACTION
control field 20260204212030.0
008 - FIXED-LENGTH DATA ELEMENTS--GENERAL INFORMATION
fixed length control field 060213s2002||||Col||||||b||||||||||spa||
020 ## - NUMERO DE LIBRO INTERNACIONAL NORMALIZADO
International Standard Book Number 9586483053
050 ## - LIBRARY OF CONGRESS CALL NUMBER
Classification number 304.28 A33g
100 ## - ASIENTO PRINCIPAL -- NOMBRE PERSONAL
Personal name Avellaneda Cusaria, Alfonso
245 ## - TÍTULO PROPIAMENTE DICHO: SUBTÍTULO
Title Gestión ambiental y planificación del desarrollo / Alfonso Avellaneda Cusaria
264 ## - PRODUCTION, PUBLICATION, DISTRIBUTION, MANUFACTURE, AND COPYRIGHT NOTICE
Place of production, publication, distribution, manufacture Colombia: Ecoe
300 ## - PHYSICAL DESCRIPTION
Extensión 232 p
490 ## - MENCIÓN DE SERIE
Series statement Colección texto universitario
500 ## - GENERAL NOTE
General note Incluye bibliografía
650 ## - ASIENTO SECUNDARIO DE MATERIA -- TERMINO TEMÁTICO
Termino Temático Como Elemento de Entrada 1.Medio Ambiente - Efectos SocialesÌ
942 ## - ADDED ENTRY ELEMENTS (KOHA)
Source of classification or shelving scheme Dewey Decimal Classification
Koha item type Libros
Existencias
Withdrawn status Lost status Source of classification or shelving scheme Damaged status Not for loan Current library Date acquired Total Checkouts Full call number Barcode Date last seen Price effective from Koha item type
    Dewey Decimal Classification     Biblioteca UTECO 09/09/2019   304.28 A33G 010866 09/09/2019 09/09/2019 Libros
© 2021 Derechos Reservados UTECO - Teléfono: +1 809-585-2291 - Correo electrónico: biblioteca@uteco.edu.do​  
Código postal 43000 ​​
Dirección: Avenida Universitaria No. 100, 
Cotuí, Provincia Sánchez Ramírez, República Dominicana - RNC: 404-00059-6